01356nam a2200265 a 450000100100000000500170001000800410002702000180006804000250008608200160011110000340012724500640016126000500022530000280027549000230030350000700032659000260039683000300042295201290045295201290058195201290071095201140083995201200095399900170107300004802620201002060854.0181101s2018 dr a 000 p spa d a9789945091175 aDO-SdBNPbspacBNPHU axxxxbH565d1 aHerrera, Jochy,d1958-96525110aDe fugas y visiones :btextos atemporales /cJochy Herrera. aSanto DomingoaEdiciones Cielonaranja,c2018. a160 p. :bil. ;c21 cm.1 aLetras dominicanas aIncluye datos biográficos del autor en la solapa de la cubierta aInventariado, 2018/LP 0aLetras dominicanas975525 001054708DSaGRbGRcHDd2018-11-01iLF1l0oxxxx H565dp48026-30r2020-06-25te. 3w2020-06-25yLFDSZPréstamo en sala 001054708DSaGRbGRcHDd2018-11-01iLF1l0oxxxx H565dp48026-40r2020-06-25te. 4w2020-06-25yLFDSZPréstamo en sala 001054708DSaGRbGRcHDd2018-11-01iLF1l0oxxxx H565dp48026-50r2020-06-25te. 5w2020-06-25yLFDSZPréstamo en sala 0010718PDaPDbPDcHDd2018-11-01iLF1l0oxxxx H565dp48026-10r2020-06-25w2020-06-25yLFPDZNo se presta 0010718PDaPDbPDcHDd2018-11-01iLF1l0oxxxx H565dp48026-20r2020-06-25te. 2w2020-06-25yLFPDZNo se presta c47514d47514